Microbiology for sanitary engineers
Saved in:
| Main Author: | |
|---|---|
| Format: | Book |
| Language: | English |
| Published: |
New York :
McGraw-Hill,
1962
|
| Series: | McGraw-Hill series in sanitary science and water resources enginnering
|
| Subjects: | |
| Tags: |
Add Tag
No Tags, Be the first to tag this record!
|
MARC
| LEADER | 00000nam a2200000 i 4500 | ||
|---|---|---|---|
| 001 | 1/86300 | ||
| 008 | 950310s1962 eng d | ||
| 020 | |a 07-045180-X | ||
| 035 | |l 10006466 | ||
| 040 | |a GR-MY-UA |b gre |e aacr | ||
| 041 | 0 | |a eng | |
| 082 | 0 | |a 576.024628 | |
| 100 | 1 | |a McKinney, Ross E. | |
| 245 | 1 | 0 | |a Microbiology for sanitary engineers / |c Ross E. McKinney |
| 260 | |a New York : |b McGraw-Hill, |c 1962 | ||
| 300 | |a 293 p. | ||
| 490 | 1 | |a McGraw-Hill series in sanitary science and water resources enginnering | |
| 504 | |a Includes index | ||
| 650 | 0 | 0 | |a Sanitary microbiology. |
| 830 | 0 | |a McGraw-Hill series in sanitary science and water resources enginnering | |
| 852 | |a INST |b LESVOS |e 19950310 |h 576.024628 MCM |p 005100002465 |q 005100002465 |t BK |y 0 | ||
| 909 | |a Λ |b 009423 | ||